<?xml version="1.0" encoding="UTF-8"?>
<record
    xmlns:xsi="http://www.w3.org/2001/XMLSchema-instance"
    xsi:schemaLocation="http://www.loc.gov/MARC21/slim http://www.loc.gov/standards/marcxml/schema/MARC21slim.xsd"
    xmlns="http://www.loc.gov/MARC21/slim">

  <leader>00609nam a22001577a 4500</leader>
  <controlfield tag="003">OSt</controlfield>
  <controlfield tag="005">20150916091723.0</controlfield>
  <controlfield tag="008">150916b        xxu||||| |||| 00| 0 eng d</controlfield>
  <datafield tag="040" ind1=" " ind2=" ">
    <subfield code="c">RUA</subfield>
  </datafield>
  <datafield tag="082" ind1=" " ind2=" ">
    <subfield code="a">AGR TOU 2001 B027 Or.1</subfield>
  </datafield>
  <datafield tag="100" ind1=" " ind2=" ">
    <subfield code="9">559</subfield>
    <subfield code="a">TOUT, SOKOEURM.</subfield>
  </datafield>
  <datafield tag="245" ind1=" " ind2=" ">
    <subfield code="a">five common cabbage adapted trial during wet season condition 2001 ( &#x1796;&#x17B7;&#x179F;&#x17C4;&#x1792;&#x1793;&#x17CD;&#x179C;&#x17B6;&#x1799;&#x178F;&#x17C6;&#x179B;&#x17C3;&#x1796;&#x17BC;&#x1787;&#x1781;&#x17B6;&#x178F;&#x17CB;&#x178E;&#x17B6;&#x1780;&#x17D2;&#x178F;&#x17C4;&#x1794; &#x17E5;&#x200B; &#x1796;&#x17BC;&#x1787;&#x1780;&#x17D2;&#x1793;&#x17BB;&#x1784;&#x179B;&#x1780;&#x17D2;&#x1781;&#x1781;&#x17D0;&#x178E;&#x17D2;&#x178C;&#x179A;&#x178A;&#x17BC;&#x179C;&#x179F;&#x17D2;&#x179F;&#x17B6; &#x17E2;&#x17E0;&#x17E0;&#x17E1;)</subfield>
  </datafield>
  <datafield tag="260" ind1=" " ind2=" ">
    <subfield code="a">Phnom Penh</subfield>
    <subfield code="b">RUA</subfield>
    <subfield code="c">2001</subfield>
  </datafield>
  <datafield tag="300" ind1=" " ind2=" ">
    <subfield code="a">62p.</subfield>
    <subfield code="b">ill.</subfield>
    <subfield code="c">29cm.</subfield>
  </datafield>
  <datafield tag="942" ind1=" " ind2=" ">
    <subfield code="2">ddc</subfield>
    <subfield code="c">AGR</subfield>
  </datafield>
  <datafield tag="999" ind1=" " ind2=" ">
    <subfield code="c">535</subfield>
    <subfield code="d">535</subfield>
  </datafield>
  <datafield tag="952" ind1=" " ind2=" ">
    <subfield code="0">0</subfield>
    <subfield code="1">0</subfield>
    <subfield code="2">ddc</subfield>
    <subfield code="4">0</subfield>
    <subfield code="6">AGR_TOU_2001_000000000000000_B027_OR_1</subfield>
    <subfield code="7">0</subfield>
    <subfield code="9">2522</subfield>
    <subfield code="a">LBB</subfield>
    <subfield code="b">LBB</subfield>
    <subfield code="d">2015-09-16</subfield>
    <subfield code="o">AGR TOU 2001 B027 Or.1</subfield>
    <subfield code="p">RUA002633</subfield>
    <subfield code="r">2015-09-16</subfield>
    <subfield code="w">2015-09-16</subfield>
    <subfield code="y">AGR</subfield>
  </datafield>
  <datafield tag="952" ind1=" " ind2=" ">
    <subfield code="0">0</subfield>
    <subfield code="1">0</subfield>
    <subfield code="2">ddc</subfield>
    <subfield code="4">0</subfield>
    <subfield code="6">AGR_TOU_2001_000000000000000_B027_OR_2</subfield>
    <subfield code="7">0</subfield>
    <subfield code="9">2523</subfield>
    <subfield code="a">LBB</subfield>
    <subfield code="b">LBB</subfield>
    <subfield code="d">2015-09-16</subfield>
    <subfield code="o">AGR TOU 2001 B027 Or.2</subfield>
    <subfield code="p">RUA002560</subfield>
    <subfield code="r">2015-09-16</subfield>
    <subfield code="w">2015-09-16</subfield>
    <subfield code="y">AGR</subfield>
  </datafield>
  <datafield tag="952" ind1=" " ind2=" ">
    <subfield code="0">0</subfield>
    <subfield code="1">0</subfield>
    <subfield code="2">ddc</subfield>
    <subfield code="4">0</subfield>
    <subfield code="6">AGR_TOU_2001_000000000000000_B027_OR_3</subfield>
    <subfield code="7">0</subfield>
    <subfield code="9">2524</subfield>
    <subfield code="a">LBB</subfield>
    <subfield code="b">LBB</subfield>
    <subfield code="d">2015-09-16</subfield>
    <subfield code="o">AGR TOU 2001 B027 Or.3</subfield>
    <subfield code="p">RUA002986</subfield>
    <subfield code="r">2015-09-16</subfield>
    <subfield code="w">2015-09-16</subfield>
    <subfield code="y">AGR</subfield>
  </datafield>
</record>
